Selected Aspects of Human Resources in Healthcare System in SR
Salvato in:
| Autore principale: | |
|---|---|
| Natura: | Capitolo di libro |
| Lingua: | inglese |
| Soggetti: | |
| Tags: |
Nessun Tag, puoi essere il primo ad aggiungerne!!
|
MARC
| LEADER | 00000naa$a2200000$$$4500 | ||
|---|---|---|---|
| 001 | 0213492 | ||
| 005 | 20240502073547.7 | ||
| 041 | 0 | |a eng | |
| 044 | |a SK | ||
| 245 | 1 | 0 | |a Selected Aspects of Human Resources in Healthcare System in SR |c Michaela Nováková |
| 610 | 2 | 0 | |a zdravotníctvo |
| 610 | 2 | 0 | |a zdravotníci |
| 610 | 2 | 0 | |a Slovensko |
| 610 | 2 | 0 | |a Európa |
| 610 | 2 | 0 | |a vzdelávanie |
| 610 | 2 | 0 | |a pohyb síl pracovných |
| 610 | 2 | 0 | |a platy |
| 610 | 2 | 0 | |a nemocnice |
| 100 | 1 | |a Nováková, Michaela, 1977- | |